000
00316pam a2200133 a 4500
020
_c
041
_h
082
_a
741.6
_b
DON
100
_a
Daniel Donnely .
245
_a
999 Logo Design Elements
_h
Textual Documents
260
_a
[s.l]:
_b
Page one Publishing ,
_c
2011.
300
_a
208:
_b
paper.
930
_a
6002
999
_c
239792
_d
239792